De grands noms en géographie - Statistiques

Statistiques générales
  • Ce quiz a été pris 103 fois
  • Le résultat moyen est 8 sur 15
Statistiques - réponses
Indice Réponse % Correct
Principale île du Royaume-Uni Grande-Bretagne
89%
Ensemble de fortifications militaires ayant servi de frontière dans le nord de la Chine Grande Muraille de Chine
88%
Région née de la fusion de la Champagne-Ardenne, de la Lorraine et de l'Alsace Grand Est
86%
Ensemble de gorges formées par l'encaissement du Colorado Grand Canyon
74%
Ensemble de plans d'eau étendus, entre le Canada et les Etats-Unis Grands Lacs
70%
Ecosystème composé de récifs et d'îles au nord-est de l'Australie Grande Barrière de Corail
69%
Constellation communément connue de l'hémisphère nord, partiellement visible dans l'hémisphère sud Grande Ourse
66%
Métropole française comptant plus de 7 millions d'habitants Grand Paris
54%
Deuxième île la plus étendue de Guadeloupe Grande-Terre
49%
Station balnéaire emblématique des années 1960, dans le sud de la France La Grande-Motte
46%
Forme longue du nom du Luxembourg Grand-Duché de Luxembourg
40%
Vaste région plane s'étendant au centre du Canada et des Etats-Unis Grandes Plaines
36%
Ensemble géologique formé de failles et de volcans en Afrique de l'Est Vallée du Grand Rift
27%
Projet de l'Union Africaine de lutte contre la désertification au Sahel, par la plantation de forêts Grande Muraille Verte
8%
Grande région aride de dunes, en Egypte Grande Mer de Sable
5%
Aucun quiz correspondant
Distribution des résultats
% des personnes avec chaque résultat
Percentile par nombre de réponses
Votre historique - résultats
Vous n’avez pas pris ce quiz